| 000 | 00690 a2200169 4500 | ||
|---|---|---|---|
| 003 | Nust | ||
| 005 | 20230504131704.0 | ||
| 040 | _cNust | ||
| 082 | _a973,THE | ||
| 100 |
_aBrooks.M, Emerson _9112117 |
||
| 245 |
_aThe Growth of A Nation / _cEmerson M Brooks |
||
| 260 |
_aNew York _bE.P.Dutton & Co _c1956 |
||
| 300 | _a320:p | ||
| 505 | _aAuthor s Foreword (Page-11), In the Long Ago (Page-19), The First Hundred Years 1500-1600 (Page-31), The Second Hundred Years 1600-1700 (Page-37), The Third Hundred Years 1700-1800 (Page-63), The Fourth Hundred Years 1800-1900 (Page-89), The Fifth Hundred Years 1900 (Page-227). | ||
| 650 |
_a American History _9109008 |
||
| 942 |
_2ddc _cBK _k973,THE |
||
| 999 |
_c187598 _d187598 |
||